000
00286nam a2200109 a 4500
005
20201002044927.0
008
140403s1971 000 spa d
100
_a
Goncourt, Hermanos
_9
71525
245
0
_a
Renata mauperin.
260
_a
Madrid -- Libra,
_c
1971 -- 189 p.
999
_c
43193
_d
43193
040
_a
DO-SdBNP